| 000 | 02857nam a2200361 a 4500 | ||
|---|---|---|---|
| 001 | 000112197 | ||
| 003 | CHAP | ||
| 005 | 20251024102349.0 | ||
| 008 | 160113s2015 mx |sm |||||||spa d | ||
| 040 | _cCHAP | ||
| 090 | _aTesis | ||
| 100 | 1 |
_aMartínez Rocha, Ricardo Emmanuel _9130393 |
|
| 245 | 1 | 0 |
_aAnálisis de pedigrí de bovinos romosinuano en México _cpor Ricardo Emmanuel Martínez Rocha; director Rodolfo Ramírez Valverde |
| 264 |
_aChapingo, Méx. : _bEl autor, _c2015. |
||
| 336 |
_2rdacontent _atexto _btxt |
||
| 337 |
_2rdamedia _acomputadora _bc |
||
| 338 |
_2rdacarrier _arecurso en línea _bcr |
||
| 502 |
_bIAEZ _cZootecnía _d2015 |
||
| 520 | _aLa estructura genética de la población de ganado Romosinuano en México fue determinada mediante un análisis de pedigrí. Los análisis se realizaron con el programa ENDOG (4.8) para el total del pedigrí (TP), que incluyó todos los animales inscritos en el libro genealógico de la raza, y para una población de referencia (PR), la cual consideró los animales nacidos del 2005 a la fecha del último registro (2014), la cual se supone son los animales potencialmente vivos. El pedigrí incluyó 2,951 animales en el TP y 1,474 en la PR. Los parámetros poblacionales de diversidad genética evaluados fueron: intervalo generacional (IG), integridad del pedigrí (IP), máximo número de generaciones trazadas (MGT), número de generaciones completas equivalentes (GCE), coeficiente de consanguinidad (F), coeficiente de parentesco promedio (AR), número equivalente de fundadores (𝑓𝑒), número efectivo de ancestros (𝑓𝑎), y tamaño efectivo de población (𝑁𝑒). El IG fue 6.6 y 6.7 años para el TP y la PR; y la IP calculada con el MGT y el GCE fue 5.83 y 2.83. El F promedio (1.6 y 2.5% para TP y PR) y el AR (3.5 y 4.5% para TP y PR) fueron relativamente altos; el porcentaje de animales con un F mayor que 6.25% fue de 7.1% en el TP y 12.2% en la PR. La relación (𝑓𝑎/𝑓𝑒) indicó la existencia de cuellos de botella genéticos (0.41 en la PR), debido al uso de un número reducido de reproductores en ciertas generaciones. Los 𝑁𝑒 calculados por diferentes métodos (69.8, 24.7 y 23.6) muestran una variabilidad genética reducida en esta población. | ||
| 590 |
_aBATCH-UPD _b05 _c20160114 |
||
| 590 |
_aE5652GLJ _b05 _c20160113 |
||
| 590 |
_aE5652GLJ _b05 _c20160114 |
||
| 590 |
_aE5652GLJ _b05 _c20160114 |
||
| 650 | 1 | 4 |
_aGanado Romosinuano _xGenealogía. _9130395 |
| 650 | 1 | 4 |
_aGanado vacuno _xGenética. _945470 |
| 650 | 1 | 4 |
_aGanado vacuno _xRazas. _945509 |
| 650 | 1 | 4 |
_aRecursos genéticos _xConservación. _995081 |
| 700 | 0 |
_aRamírez Valverde, Rodolfo _994316 |
|
| 856 |
_uhttp://10.13.5.2/tesis/sist112197.pdf _zDESCARGAR PDF |
||
| 942 |
_cTD _2Clasificación Universidad Autónoma Chapingo |
||
| 999 |
_c108658 _d108658 |
||